Bienvenue au Catalogue en Ligne des Bibliothèques de l'Universite du Burundi

La mondialisation des marchés bancaires et financiers (Record no. 5332)

000 -GUIDE
Champ de contrôle de longueur fixe 00864nam a22002177a 4500
003 - IDENTITÉ DU NUMÉRO DE CONTRÔLE
Champ de contrôle BI-BuBU
008 - ÉLÉMENTS DE LONGUEUR FIXE - RENSEIGNEMENTS GÉNÉRAUX
Champ de contrôle de longueur fixe 100416t fr ||||dr|||| 00| 0 fre d
020 ## - INTERNATIONAL STANDARD BOOK NUMBER
ISBN 2717820043
039 ## - NIVEAU DE CONTRÔLE BIBLIOGRAPHIQUE ET HISTORIQUE D'ENCODAGE [OBSOLETE]
Date creation aln
040 ## - SOURCE DU CATALOGAGE
Organisme qui a effectué le catalogage original BI-BuBU
Code de la langue utilisée dans le catalogage fre
Organisme qui a effectué la transcription BI-BuBU
080 ## - INDICE DE LA CLASSIFICATION DÉCIMALE UNIVERSELLE (CDU)
Indice de la Classification décimale universelle 336.7.
245 ## - MENTION DU TITRE
Titre La mondialisation des marchés bancaires et financiers
Reste du titre : défis et promesses.
Mention de responsabilité, etc. textes introduits et réunis par Zuhayr Mikdashi,...préf. de Pierre Languetin,...,avant propos de Francis Léonard,...
260 ## - PUBLICATION, DIFFUSION, ETC. (ADRESSE BIBLIOGRAPHIQUE)
Lieu de publication, diffusion, etc. Paris
Nom de l'éditeur, diffuseur, etc. Economica
Date of publication, distribution, etc 1991
300 ## - DESCRIPTION MATÉRIELLE
Collation xii-357 p.
Dimensions 25 cm.
650 ## - VEDETTE-MATIÈRE - NOM COMMUN
Source du terme BI-BuBU
Vedette de sujet ou vedette comportant un nom géographique marché bancaire.mondialisation.
9 (RLIN) 19555
650 ## - VEDETTE-MATIÈRE - NOM COMMUN
Source du terme BI-BuBU
Vedette de sujet ou vedette comportant un nom géographique marché financier.mondialisation.
9 (RLIN) 19556
700 ## - VEDETTE SECONDAIRE - NOM DE PERSONNE
Code de relation pbl
Nom d'auteur Pierre Languetin
9 (RLIN) 19557
942 ## - ÉLÉMENTS D'ENTRÉE ADDITIONNELLE (KOHA)
Source de la classification ou du système de rangement
Type d item koha BOOK
Holdings
Statut de retrait Statut de perte Source de la classification ou du système de rangement Statut de déterioration Exclu du prêt Numéro d item Koha Localisation permanente Localisation actuelle Date d'acquisition Nombre de prêts Cote Code-barres Date last seen Numéro d'exemplaire Prix en vigueur à partir du Type d item koha
          6800 Bibliothèque de la Faculté des Sciences Économiques et Administratives Bibliothèque de la Faculté des Sciences Économiques et Administratives 16/04/2010   336.7.MON.Z 5020000033827 16/04/2010 1 16/04/2010 BOOK
© 2019-2026 - Bibliothèques de l'Université du Burundi |Tous droits réservés
home | Pour toute information urgente Contactez nous | tel whatsupp: +25779204313